| 000 | 00686nam a2200205Ia 4500 | ||
|---|---|---|---|
| 003 | GCL | ||
| 008 | 140319s9999 xx 000 0 ara d | ||
| 040 |
_aGCL / _cGCL |
||
| 082 | 0 | 4 |
_a810.8 _bح ج |
| 100 | 1 | _aعبدالرحمن عبدالله الحضرمى | |
| 245 | 1 | 0 |
_aجامعة الاشاعر زبيد / _cعبدالرحمن عبدالله الحضرمى |
| 260 |
_aبيروت : _bدار ازال للطباعة والنشر والتوزيع ، _c1985 |
||
| 300 |
_a359 ص ؛ _c25 سم |
||
| 490 | _a | ||
| 650 | 0 | 4 | _aالشعر العربى |
| 650 | 0 | 4 | _aالادب العربى |
| 650 | 0 | 4 | _aدواوين وقصائد |
| 650 | 0 | 4 | _aالمجموعات |
| 942 |
_2ddc _cBK |
||
| 999 |
_c55233 _d55233 |
||